Биоповреждения и защита непродовольственных товаров: учебник для вузов

Podrobná bibliografie
Hlavní autor: Пехташева Е. Л. Елена Леонидовна
Shrnutí:Приведены современные данные о морфологии и физиологии микроорганизмов-биодеструкторов. Дан обширный материал о биодеструкции натуральных и химических материалов, проанализированы стандартные методы оценки их биостойкости. Рассмотрены вопросы утилизации с помощью микроорганизмов отходов полимерных материалов. Показаны основные способы и методы защиты сырья и изделий от биоповреждающего воздействия.
Jazyk:ruština
Vydáno: Москва, Академия, 2002
Edice:Высшее образование
Témata:
Médium: MixedMaterials Kniha
KOHA link:https://koha.lib.tpu.ru/cgi-bin/koha/opac-detail.pl?biblionumber=96670

MARC

LEADER 00000nam0a2200000 4500
001 96670
005 20231031110632.0
010 |a 5294001128 
035 |a (RuTPU)RU\TPU\book\103512 
090 |a 96670 
100 |a 20060517d2002 m y0rusy50 ca 
101 0 |a rus 
102 |a RU 
105 |a a j 001zy 
200 1 |a Биоповреждения и защита непродовольственных товаров  |e учебник для вузов  |f Е. Л. Пехташева 
210 |a Москва  |c Академия  |d 2002 
215 |a 224 с.  |c ил. 
225 1 |a Высшее образование 
320 |a Библиогр.: с. 216-218. 
330 |a Приведены современные данные о морфологии и физиологии микроорганизмов-биодеструкторов. Дан обширный материал о биодеструкции натуральных и химических материалов, проанализированы стандартные методы оценки их биостойкости. Рассмотрены вопросы утилизации с помощью микроорганизмов отходов полимерных материалов. Показаны основные способы и методы защиты сырья и изделий от биоповреждающего воздействия. 
610 1 |a товароведение 
610 1 |a непродовольственные товары 
610 1 |a биоповреждения 
610 1 |a бактерии 
610 1 |a микроскопические грибы 
610 1 |a насекомые 
610 1 |a грызуны 
610 1 |a вредители 
610 1 |a материалы 
610 1 |a биостойкость 
610 1 |a текстильные материалы 
610 1 |a волокна 
610 1 |a древесина 
610 1 |a бумага 
610 1 |a синтетические полимеры 
610 1 |a лакокрасочные материалы 
610 1 |a защита 
610 1 |a коррозия металлов 
610 1 |a учебники 
675 |a 620.193(075.8)  |v 3 
700 1 |a Пехташева  |b Е. Л.  |g Елена Леонидовна 
801 1 |a RU  |b 63413507  |c 20060517  |g PSBO 
801 2 |a RU  |b 63413507  |c 20150602  |g PSBO 
900 |a Товароведение и экспертиза 
900 |a Товароведение 
942 |c BK 
951 |b 080401 
959 |a 34/20060516  |d 2  |e 69,30  |f НФ:2